Greece : recent economic developments and selected issues
Αποθηκεύτηκε σε:
| Συγγραφή απο Οργανισμό/Αρχή: | |
|---|---|
| Άλλοι συγγραφείς: | |
| Μορφή: | Βιβλίο |
| Γλώσσα: | English |
| Δημοσίευση: |
Washington :
International Monetary Fund,
1996.
|
| Σειρά: | IMF staff country report ;
96/121 |
| Θέματα: | |
| Ετικέτες: |
Προσθήκη ετικέτας
Δεν υπάρχουν, Καταχωρήστε ετικέτα πρώτοι!
|
MARC
| LEADER | 00000cam a2200000 i 4500 | ||
|---|---|---|---|
| 001 | 1/24994 | ||
| 008 | 000510s1996 wau| ||| |||| ||eng|| | ||
| 035 | |l 10037226 | ||
| 040 | |a GR-MyUa |b gre |e AACR2 | ||
| 041 | 0 | |a eng | |
| 082 | 7 | |a 338.9495 |2 (22) | |
| 110 | 2 | |a International Monetary Fund. | |
| 245 | 1 | 0 | |a Greece : |b recent economic developments and selected issues / |c International Monetary Fund ; prepared by Charalambos Christofides...[et al.]. |
| 260 | |a Washington : |b International Monetary Fund, |c 1996. | ||
| 300 | |a 157 σ. : |b πίν. ; |c 28 εκ. | ||
| 490 | 1 | |a (IMF staff country report ; |v 96/121) | |
| 651 | 0 | |a Greece |x Economic conditions. | |
| 651 | 0 | |a Greece |x Economic policy. | |
| 700 | 1 | |a Χριστοφίδης, Χαράλαμπος. | |
| 830 | 0 | |a IMF staff country report ; |v 96/121 | |
| 852 | |a INST |b LESVOS |e 20000510 |h 338.9495 INT |p 005100021281 |q 005100021281 |t BK |y 0 | ||
| 901 | |a BIBL1-2000-2 | ||
| 922 | |a 1ΕΛΗ |b 199811 |c ΚΠΣ/ΤΓ |d ΠΑΠΑΣΩΤΗΡΙΟΥ | ||
| 950 | |a 118-1998-07-18 | ||
| 970 | |z 2000/05/ΜΙΧΑΗΛΙΔΟΥ ΑΝΝΑ | ||